000 00362 a2200169 4500
001 186239
020 _a978-85-08-06119-8
040 _cMagnum
100 _aBandeira, Pedro
240 1 0 _aGente de estimação
_lpor
245 1 0 _aGente de estimação
300 _a100
362 0 _a2008
440 1 _aÁtica
697 _aLITERATURA JUVENIL
942 _cBK
999 _c186239
_d186239